| 000 | 00618nam a2200205Ia 4500 | ||
|---|---|---|---|
| 005 | 20250508160404.0 | ||
| 008 | 008 250505s9999 xx 000 0 eng d | ||
| 020 | _a92-3-101048-4 | ||
| 037 | _aTextual | ||
| 040 |
_aFEDL _beng _cFEDL |
||
| 041 |
_aeng _2eng |
||
| 084 |
_a341.1307, ABR _qFEDL |
||
| 100 |
_aAbraham Herbert J. _999618 |
||
| 245 | 0 | _aWorld problems in the classroom | |
| 260 |
_aParis, France _bUnited Nations Educational Scientific and Cultural Organization _c1973 |
||
| 300 | _a223p. | ||
| 650 |
_aUNESCO _9766776 |
||
| 942 |
_cTEXL _h341.1307, ABR |
||
| 999 |
_c1364290 _d1364290 |
||